<?xml version="1.0" encoding="UTF-8"?>
<record
    xmlns:xsi="http://www.w3.org/2001/XMLSchema-instance"
    xsi:schemaLocation="http://www.loc.gov/MARC21/slim http://www.loc.gov/standards/marcxml/schema/MARC21slim.xsd"
    xmlns="http://www.loc.gov/MARC21/slim">

  <leader>02588nam0a2200385   4500</leader>
  <controlfield tag="001">RU\NLR\bibl\1766733</controlfield>
  <controlfield tag="005">20250616125939.0</controlfield>
  <datafield tag="010" ind1=" " ind2=" ">
    <subfield code="a">978-5-9533-5392-2</subfield>
    <subfield code="9">4000</subfield>
  </datafield>
  <datafield tag="021" ind1=" " ind2=" ">
    <subfield code="a">RU</subfield>
    <subfield code="b">2011-24628</subfield>
    <subfield code="9">187&#x434;/11</subfield>
  </datafield>
  <datafield tag="035" ind1=" " ind2=" ">
    <subfield code="a">(nilc)RSL-KNO-004944948</subfield>
  </datafield>
  <datafield tag="035" ind1=" " ind2=" ">
    <subfield code="a">KML\BIBL\0000020945</subfield>
  </datafield>
  <datafield tag="035" ind1=" " ind2=" ">
    <subfield code="a">(NLR Aleph) 001757528</subfield>
  </datafield>
  <datafield tag="090" ind1=" " ind2=" ">
    <subfield code="a">1557679</subfield>
    <subfield code="c">1557679</subfield>
  </datafield>
  <datafield tag="100" ind1=" " ind2=" ">
    <subfield code="a">20110411d2011    |||y0rusy50      ca</subfield>
  </datafield>
  <datafield tag="101" ind1="1" ind2=" ">
    <subfield code="a">rus</subfield>
    <subfield code="c">fre</subfield>
  </datafield>
  <datafield tag="102" ind1=" " ind2=" ">
    <subfield code="a">RU</subfield>
  </datafield>
  <datafield tag="105" ind1=" " ind2=" ">
    <subfield code="a">y   |||||||||</subfield>
  </datafield>
  <datafield tag="200" ind1="1" ind2=" ">
    <subfield code="a">&#x41F;&#x440;&#x438;&#x437;&#x440;&#x430;&#x43A; &#x443;&#x43B;&#x438;&#x446;&#x44B; &#x420;&#x443;&#x430;&#x44F;&#x43B;&#x44C;</subfield>
    <subfield code="e">[&#x440;&#x43E;&#x43C;&#x430;&#x43D;]</subfield>
    <subfield code="f">&#x416;&#x430;&#x43D;-&#x424;&#x440;&#x430;&#x43D;&#x441;&#x443;&#x430; &#x41F;&#x430;&#x440;&#x43E;</subfield>
    <subfield code="g">[&#x43F;&#x435;&#x440;. &#x441; &#x444;&#x440;. &#x415;.&#x412;. &#x41C;&#x43E;&#x440;&#x43E;&#x437;&#x43E;&#x432;&#x43E;&#x439;]</subfield>
  </datafield>
  <datafield tag="210" ind1=" " ind2=" ">
    <subfield code="a">&#x41C;&#x43E;&#x441;&#x43A;&#x432;&#x430;</subfield>
    <subfield code="c">&#x412;&#x435;&#x447;&#x435;</subfield>
    <subfield code="d">2011</subfield>
  </datafield>
  <datafield tag="215" ind1=" " ind2=" ">
    <subfield code="a">348, [2] &#x441;.</subfield>
    <subfield code="d">21</subfield>
  </datafield>
  <datafield tag="225" ind1="1" ind2=" ">
    <subfield code="a">&#x421;&#x43B;&#x435;&#x434;&#x441;&#x442;&#x432;&#x438;&#x435; &#x432;&#x435;&#x434;&#x435;&#x442;...</subfield>
    <subfield code="i">&#x41A;&#x43E;&#x43C;&#x438;&#x441;&#x441;&#x430;&#x440; &#x41D;&#x438;&#x43A;&#x43E;&#x43B;&#x44F; &#x41B;&#x435; &#x424;&#x43B;&#x43E;&#x43A;</subfield>
  </datafield>
  <datafield tag="330" ind1=" " ind2=" ">
    <subfield code="a">1770 &#x433;&#x43E;&#x434;, &#x41F;&#x430;&#x440;&#x438;&#x436;. &#x412; &#x434;&#x430;&#x432;&#x43A;&#x435; &#x432;&#x43E; &#x432;&#x440;&#x435;&#x43C;&#x44F; &#x43F;&#x440;&#x430;&#x437;&#x434;&#x43D;&#x438;&#x447;&#x43D;&#x43E;&#x433;&#x43E; &#x444;&#x435;&#x439;&#x435;&#x440;&#x432;&#x435;&#x440;&#x43A;&#x430; &#x432; &#x447;&#x435;&#x441;&#x442;&#x44C; &#x431;&#x440;&#x430;&#x43A;&#x43E;&#x441;&#x43E;&#x447;&#x435;&#x442;&#x430;&#x43D;&#x438;&#x44F; &#x434;&#x43E;&#x444;&#x438;&#x43D;&#x430; &#x438; &#x41C;&#x430;&#x440;&#x438;&#x438;-&#x410;&#x43D;&#x442;&#x443;&#x430;&#x43D;&#x435;&#x442;&#x442;&#x44B; &#x43F;&#x43E;&#x433;&#x438;&#x431;&#x43B;&#x438; &#x438; &#x431;&#x44B;&#x43B;&#x438; &#x440;&#x430;&#x43D;&#x435;&#x43D;&#x44B; &#x441;&#x43E;&#x442;&#x43D;&#x438; &#x437;&#x435;&#x432;&#x430;&#x43A;. &#x420;&#x430;&#x441;&#x441;&#x43B;&#x435;&#x434;&#x443;&#x44F; &#x43E;&#x431;&#x441;&#x442;&#x43E;&#x44F;&#x442;&#x435;&#x43B;&#x44C;&#x441;&#x442;&#x432;&#x430; &#x442;&#x440;&#x430;&#x433;&#x435;&#x434;&#x438;&#x438;, &#x43A;&#x43E;&#x43C;&#x438;&#x441;&#x441;&#x430;&#x440; &#x41D;&#x438;&#x43A;&#x43E;&#x43B;&#x44F; &#x41B;&#x435; &#x424;&#x43B;&#x43E;&#x43A; &#x43D;&#x430;&#x445;&#x43E;&#x434;&#x438;&#x442; &#x441;&#x440;&#x435;&#x434;&#x438; &#x442;&#x440;&#x443;&#x43F;&#x43E;&#x432; &#x442;&#x435;&#x43B;&#x43E; &#x43C;&#x43E;&#x43B;&#x43E;&#x434;&#x43E;&#x439; &#x434;&#x435;&#x432;&#x443;&#x448;&#x43A;&#x438;, &#x441;&#x43C;&#x435;&#x440;&#x442;&#x44C; &#x43A;&#x43E;&#x442;&#x43E;&#x440;&#x43E;&#x439; &#x43D;&#x435; &#x431;&#x44B;&#x43B;&#x430; &#x441;&#x43B;&#x443;&#x447;&#x430;&#x439;&#x43D;&#x43E;&#x439;: &#x434;&#x435;&#x432;&#x443;&#x448;&#x43A;&#x443; &#x437;&#x430;&#x434;&#x443;&#x448;&#x438;&#x43B;&#x438;. &#x421;&#x43B;&#x435;&#x434;&#x441;&#x442;&#x432;&#x438;&#x435; &#x43F;&#x440;&#x438;&#x432;&#x43E;&#x434;&#x438;&#x442; &#x41D;&#x438;&#x43A;&#x43E;&#x43B;&#x44F; &#x432; &#x434;&#x43E;&#x43C; &#x43D;&#x430; &#x443;&#x43B;&#x438;&#x446;&#x443; &#x420;&#x443;&#x430;&#x44F;&#x43B;&#x44C;, &#x433;&#x434;&#x435; &#x435;&#x43C;&#x443; &#x43F;&#x440;&#x438;&#x434;&#x435;&#x442;&#x441;&#x44F; &#x441;&#x442;&#x43E;&#x43B;&#x43A;&#x43D;&#x443;&#x442;&#x44C;&#x441;&#x44F; &#x43D;&#x435; &#x442;&#x43E;&#x43B;&#x44C;&#x43A;&#x43E; &#x441;&#x43E; &#x441;&#x442;&#x440;&#x430;&#x43D;&#x43D;&#x43E;&#x441;&#x442;&#x44F;&#x43C;&#x438; &#x43E;&#x431;&#x438;&#x442;&#x430;&#x442;&#x435;&#x43B;&#x435;&#x439; &#x44D;&#x442;&#x43E;&#x433;&#x43E; &#x434;&#x43E;&#x43C;&#x430;, &#x43D;&#x43E; &#x438; &#x432;&#x441;&#x442;&#x443;&#x43F;&#x438;&#x442;&#x44C; &#x432; &#x431;&#x43E;&#x440;&#x44C;&#x431;&#x443; &#x441; &#x43F;&#x43E;&#x442;&#x443;&#x441;&#x442;&#x43E;&#x440;&#x43E;&#x43D;&#x43D;&#x438;&#x43C;&#x438; &#x441;&#x438;&#x43B;&#x430;&#x43C;&#x438;... "&#x41F;&#x440;&#x438;&#x437;&#x440;&#x430;&#x43A; &#x443;&#x43B;&#x438;&#x446;&#x44B; &#x420;&#x443;&#x430;&#x44F;&#x43B;&#x44C;" - &#x440;&#x43E;&#x43C;&#x430;&#x43D; &#x43F;&#x43E;&#x43F;&#x443;&#x43B;&#x44F;&#x440;&#x43D;&#x43E;&#x433;&#x43E; &#x444;&#x440;&#x430;&#x43D;&#x446;&#x443;&#x437;&#x441;&#x43A;&#x43E;&#x433;&#x43E; &#x43F;&#x438;&#x441;&#x430;&#x442;&#x435;&#x43B;&#x44F; &#x416;&#x430;&#x43D;&#x430;-&#x424;&#x440;&#x430;&#x43D;&#x441;&#x443;&#x430; &#x41F;&#x430;&#x440;&#x43E; &#x438;&#x437; &#x441;&#x435;&#x440;&#x438;&#x438; &#x43A;&#x43D;&#x438;&#x433; &#x43E; &#x43F;&#x440;&#x438;&#x43A;&#x43B;&#x44E;&#x447;&#x435;&#x43D;&#x438;&#x44F;&#x445; &#x43E;&#x442;&#x432;&#x430;&#x436;&#x43D;&#x43E;&#x433;&#x43E; &#x43A;&#x43E;&#x43C;&#x438;&#x441;&#x441;&#x430;&#x440;&#x430; &#x43A;&#x43E;&#x440;&#x43E;&#x43B;&#x435;&#x432;&#x441;&#x43A;&#x43E;&#x439; &#x43F;&#x43E;&#x43B;&#x438;&#x446;&#x438;&#x438; &#x41D;&#x438;&#x43A;&#x43E;&#x43B;&#x44F; &#x41B;&#x435; &#x424;&#x43B;&#x43E;&#x43A;&#x430;</subfield>
  </datafield>
  <datafield tag="455" ind1=" " ind2="0">
    <subfield code="1">2000#$aLe fantome de la rue Royale</subfield>
    <subfield code="1">210##$aParis$cJean-Claude Lattes$d2001</subfield>
    <subfield code="1">700#0$aParot, Jean-Francois</subfield>
    <subfield code="t">Le fantome de la rue Royale</subfield>
    <subfield code="a">Parot, Jean-Francois</subfield>
  </datafield>
  <datafield tag="686" ind1=" " ind2=" ">
    <subfield code="a">&#x428;5(4&#x424;&#x440;)62-644.6</subfield>
    <subfield code="2">rubbk</subfield>
  </datafield>
  <datafield tag="686" ind1=" " ind2=" ">
    <subfield code="a">0611</subfield>
    <subfield code="a">&#x417;&#x430;&#x440;&#x443;&#x431;&#x435;&#x436;&#x43D;&#x430;&#x44F; &#x43F;&#x440;&#x43E;&#x437;&#x430;</subfield>
    <subfield code="2">TCC-BG</subfield>
  </datafield>
  <datafield tag="686" ind1=" " ind2=" ">
    <subfield code="a">&#x428;6(4&#x424;&#x440;)67-446{&#x41B;&#x445;1649-60}</subfield>
  </datafield>
  <datafield tag="700" ind1=" " ind2="1">
    <subfield code="a">&#x41F;&#x430;&#x440;&#x43E;</subfield>
    <subfield code="b">&#x416;. -&#x424;.</subfield>
    <subfield code="g">&#x416;&#x430;&#x43D;-&#x424;&#x440;&#x430;&#x43D;&#x441;&#x443;&#x430;</subfield>
    <subfield code="4">070</subfield>
  </datafield>
  <datafield tag="801" ind1=" " ind2="0">
    <subfield code="a">RU</subfield>
    <subfield code="b">&#x420;&#x41A;&#x41F;</subfield>
    <subfield code="c">20110411</subfield>
    <subfield code="g">rcr</subfield>
  </datafield>
  <datafield tag="801" ind1=" " ind2="1">
    <subfield code="a">RU</subfield>
    <subfield code="b">&#x420;&#x413;&#x411;</subfield>
    <subfield code="c">20110411</subfield>
  </datafield>
  <datafield tag="801" ind1=" " ind2="2">
    <subfield code="a">RU</subfield>
    <subfield code="b">&#x41D;&#x411;&#x420; &#x41A;&#x43E;&#x43C;&#x438;</subfield>
    <subfield code="c">20110816</subfield>
  </datafield>
  <datafield tag="801" ind1=" " ind2="2">
    <subfield code="a">RU</subfield>
    <subfield code="b">NLR</subfield>
    <subfield code="c">20110506</subfield>
    <subfield code="g">rcr</subfield>
  </datafield>
  <datafield tag="942" ind1=" " ind2=" ">
    <subfield code="c">BOOK</subfield>
  </datafield>
  <datafield tag="980" ind1=" " ind2=" ">
    <subfield code="a">NB</subfield>
  </datafield>
  <datafield tag="980" ind1=" " ind2=" ">
    <subfield code="a">NBR</subfield>
  </datafield>
  <datafield tag="995" ind1=" " ind2=" ">
    <subfield code="5">2011-05-06</subfield>
    <subfield code="a">ad</subfield>
    <subfield code="b">NLR01</subfield>
    <subfield code="c">NLR01</subfield>
    <subfield code="e">RF8</subfield>
    <subfield code="f">1-586775</subfield>
    <subfield code="k">2011-3/14914</subfield>
    <subfield code="o">0</subfield>
    <subfield code="r">BOOK</subfield>
    <subfield code="s">2011314914_</subfield>
  </datafield>
  <datafield tag="995" ind1=" " ind2=" ">
    <subfield code="5">2011-05-06</subfield>
    <subfield code="a">ad</subfield>
    <subfield code="b">NLR01</subfield>
    <subfield code="c">NLR01</subfield>
    <subfield code="e">RF8</subfield>
    <subfield code="f">3412640</subfield>
    <subfield code="k">2011-3/14914</subfield>
    <subfield code="o">0</subfield>
    <subfield code="r">BOOK</subfield>
    <subfield code="s">2011314914_</subfield>
  </datafield>
</record>
